El susurro de la mujer ballena /

Guardat en:
Dades bibliogràfiques
Autor principal: Cueto, Alonso (autor)
Format: Llibre
Idioma:espanyol
Publicat: Lima, Perú : Debolsillo, 2018, c2018
Col·lecció:(Debolsillo Contemporánea) [s.n.]
Matèries:
Etiquetes: Afegir etiqueta
Sense etiquetes, Sigues el primer a etiquetar aquest registre!

MARC

LEADER 00000nam^a2200000^a^4500
001 000436713
005 20250521000000.0
009 20260310123202.157
020 |a 978-612-4346-43-9 
037 |a Acervo ITESO - Biblioteca 
041 |a ESP 
082 |a 863.  |b CUE 
100 |a Cueto, Alonso  |e (autor) 
245 1 3 |a El susurro de la mujer ballena /  |c A. Cueto. 
264 4 |a Lima, Perú :  |b Debolsillo,  |c 2018, c2018 
300 |a 322 p. 
336 |a texto  |b txt  |2 rdacontenido 
337 |a sin mediación  |b n  |2 rdamedio 
338 |a volumen  |b nc  |2 rdasoporte 
440 1 |a (Debolsillo Contemporánea) [s.n.] 
521 |a FIL 2021 DIA 
649 |a XX 
650 |a Mujeres en la Literatura 
650 |a Literatura Peruana -  |y Siglo XXI 
910 |a Fondo General 
920 |a Impresos - Libros 
930 |a Colección General 
940 |a Literatura 
905 |a 101 
901 |a 0500350427  |b IT1  |c LIT  |i C176740  |u 20250521 
902 |a https://opac.biblio.iteso.mx/vufind/Record/000436713